|
|
|
|
| LEADER |
00000nam a22000007a 4500 |
| 005 |
20220824223938.0 |
| 007 |
cr|||| |||| |
| 008 |
220824s2021 pe |||||s|||| 00||0 spa d |
| 020 |
|
|
|a 9786123252250
|
| 035 |
|
|
|a 36953
|
| 040 |
|
|
|a vLex
|
| 090 |
|
|
|c 13819
|d 13819
|
| 100 |
1 |
|
|a Camacho Ramr̕ez, Adriana
|
| 245 |
1 |
2 |
|a El poder del Juez y la Constitucin̤ seguido de otros escritos
|h [Recurso electrn̤ico] /
|c Adriana Camacho Ramr̕ez
|
| 256 |
|
|
|a Servicio en ln̕ea
|
| 260 |
|
|
|a Lima:
|b Palestra Editores,
|c 2021
|
| 300 |
|
|
|a 1 recurso electrn̤ico
|
| 500 |
|
|
|a El presente libro ren︢e una serie de trabajos del destacado jurista alemǹ, Otto Bachof. Su potente discurso “El poder del Juez y la Constitucin̤” es el corazn̤ de esta obra, y reivindica el poder de control que deben ejercer los jueces sobre los otros poderes del Estado, figura que hasta el da̕ de hoy sigue contorneando sus lm̕ites. Junto a los otros escritos que lo acompaąn, resulta en un texto imprescindible para entender el pensamiento constitucional de nuestros da̕s.
|
| 506 |
1 |
|
|a Disponible solo en los productos indicados
|d vLex Global
|d vLex Global (Academic Edition, excluding Law Schools)
|d vLex Global (U.S. Academic Edition, Law Schools)
|d vLex Global (U.S. Academic Edition, excluding Law Schools)
|d vLex Global (Academic Edition, Law Schools)
|
| 650 |
0 |
4 |
|a Derecho Constitucional
|z Per︢
|
| 740 |
0 |
|
|a vLex Libros (Servicio en ln̕ea)
|
| 856 |
4 |
0 |
|u https://app.vlex.com/#/sources/36953
|z Acceso restringido
|
| 942 |
|
|
|c BOOK
|
| 999 |
0 |
|
|a Constitutional right
|